| 000 | 00762nam a2200169 i 4500 | ||
|---|---|---|---|
| 001 | 93339 | ||
| 003 | ES-MaACL | ||
| 005 | 20230906181155.0 | ||
| 007 | t| | ||
| 008 | 050518s1925 sp ||||1| spa d | ||
| 100 | 1 |
_aSebastián y Bandarán, José. _9105020 |
|
| 245 | 1 | 0 |
_aHomenaje al venerable siervo de Dios Don Miguel de Mañara Vicentelo de Leca, fundador del Hospicio y Hospital de la Santa Caridad de Sevilla, con motivo del descubrimiento de una lápida en la casa en que vió la luz primera, 9 de mayo de 1923 / _cJosé Sebastián y Bandarán. |
| 260 |
_aSevilla : _bEscuelas Profesionales Salesianas de Artes y Oficios, _c1925. |
||
| 300 |
_a60 p. : _bil. ; _c26 cm. |
||
| 500 | _aRetrato de D. Miguel Mañara. | ||
| 852 |
_aES-MaACL _j1687-F-15 _bR.5317 |
||
| 999 |
_c93339 _d93339 |
||